[Event "Titled Tuesday intern op 16th Apr Early"]
[Site "Chess.com INT"]
[Date "2024.04.16"]
[Round "3"]
[White "Lukovic, Vladimir"]
[Black "Urquhart, Eddie"]
[Result "0-1"]
[WhiteElo "2440"]
[BlackElo "2209"]
[PlyCount "38"]
[EventDate "2024.04.16"]
[EventType "swiss (blitz)"]
[EventRounds "11"]
[EventCountry "USA"]
[SourceTitle "CB17_2024"]
[SourceDate "2024.04.24"]
[SourceVersion "1"]
[SourceVersionDate "2024.04.24"]
[SourceQuality "1"]

1. e4 c5 2. Nf3 e6 3. d4 cxd4 4. Nxd4 Nc6 5. Nc3 Qc7 6. Ncb5 Qb8 7. Be3 Nf6 8. f4 d6 9. Be2 Nxe4 10. Bf3 d5 11. Bxe4 dxe4 12. Qd2 Be7 13. Qc3 Bb4 14. Nxc6 Bxc3+ 15. Nxc3 bxc6 16. 0-0-0 0-0 17. Bc5 Re8 18. Nxe4 Qxf4+ 19. Nd2 Ba6 0-1

[Event "Titled Tuesday intern op 06th Feb Early"]
[Site "Chess.com INT"]
[Date "2024.02.06"]
[Round "1"]
[White "Lagarde, Maxime"]
[Black "Urquhart, Eddie"]
[Result "1-0"]
[WhiteElo "2631"]
[BlackElo "2209"]
[PlyCount "65"]
[EventDate "2024.02.06"]
[EventType "swiss (blitz)"]
[EventRounds "11"]
[EventCountry "USA"]
[SourceTitle "CB07_2024"]
[SourceDate "2024.02.14"]
[SourceVersion "1"]
[SourceVersionDate "2024.02.14"]
[SourceQuality "1"]

1. d4 Nf6 2. Bg5 Ne4 3. h4 d5 4. Nd2 Nxd2 5. Qxd2 h6 6. Bf4 Bf5 7. f3 e6 8. g4 Bh7 9. e3 Bd6 10. 0-0-0 Nd7 11. Bd3 Bxd3 12. Qxd3 Nb6 13. Ne2 Qd7 14. Kb1 0-0-0 15. Nc3 Bxf4 16. exf4 Nc4 17. b3 Nd6 18. h5 Kb8 19. Rhe1 Rc8 20. Na4 Qc6 21. Re5 Nb5 22. Kb2 Rcd8 23. Rde1 Rhf8 24. Nc5 b6 25. Na6+ Kb7 26. Nb4 Qd7 27. a4 Nd6 28. Qa6+ Ka8 29. f5 c5 30. dxc5 bxc5 31. fxe6 fxe6 32. Rxe6 cxb4 33. Re7 1-0

[Event "Titled Tuesday intern op 16th Jan Late"]
[Site "Chess.com INT"]
[Date "2024.01.16"]
[Round "4"]
[White "Banerjee, Supratit"]
[Black "Urquhart, Eddie"]
[Result "1-0"]
[WhiteElo "1984"]
[BlackElo "2209"]
[PlyCount "89"]
[EventDate "2024.01.16"]
[EventType "swiss (blitz)"]
[EventRounds "11"]
[EventCountry "USA"]
[SourceTitle "CB04_2024"]
[SourceDate "2023.10.16"]
[SourceVersion "1"]
[SourceVersionDate "2023.10.16"]
[SourceQuality "1"]

1. e4 c5 2. c3 d5 3. exd5 Qxd5 4. d4 Nc6 5. Nf3 Bg4 6. Nbd2 e6 7. Bc4 Qd8 8. Qb3 Qb6 9. Qxb6 axb6 10. 0-0 cxd4 11. Nxd4 Nxd4 12. cxd4 Be7 13. Bb5+ Kf8 14. Nc4 Nf6 15. Nxb6 Rd8 16. Bg5 Rxd4 17. Rac1 Rd8 18. Rc7 h6 19. Bxf6 gxf6 20. Rxb7 Bc5 21. Nd7+ Rxd7 22. Rxd7 Kg7 23. h3 Bf5 24. Rc7 Bd4 25. b3 Rd8 26. a4 Be5 27. Rcc1 Rd2 28. a5 Bd4 29. a6 Ra2 30. Bc4 Rb2 31. Rcd1 Bc5 32. Ra1 Ba7 33. Rad1 Bc5 34. Rd7 Kg6 35. a7 Ra2 36. b4 Rxa7 37. Rxa7 Bxa7 38. b5 Be4 39. Ra1 Bc5 40. Ra4 Bb7 41. Bd3+ f5 42. g4 Kf6 43. gxf5 exf5 44. Rf4 Bc8 45. Rc4 1-0

[Event "Titled Tuesday intern op 05th Sep Early"]
[Site "Chess.com INT"]
[Date "2023.09.05"]
[Round "6"]
[White "Souleidis, Georgios"]
[Black "Urquhart, Eddie"]
[Result "1/2-1/2"]
[WhiteElo "2419"]
[BlackElo "2209"]
[PlyCount "116"]
[EventDate "2023.09.05"]
[EventType "swiss (blitz)"]
[EventRounds "11"]
[EventCountry "USA"]
[SourceTitle "EXT 2024"]
[Source "ChessBase"]
[SourceDate "2023.10.10"]
[SourceVersion "1"]
[SourceVersionDate "2023.10.10"]
[SourceQuality "1"]

1. e4 c5 2. Nf3 e6 3. g3 Nc6 4. Bg2 Nge7 5. 0-0 g6 6. d4 cxd4 7. Nxd4 a6 8. Nb3 Bg7 9. Nc3 0-0 10. Re1 d6 11. Bf4 Ne5 12. a4 b6 13. Qe2 Bb7 14. Rad1 Qc7 15. h3 Rac8 16. g4 Rfd8 17. Bc1 N7c6 18. f4 Nd7 19. Kh1 Nc5 20. Nxc5 dxc5 21. Qf2 Rxd1 22. Rxd1 Rd8 23. Rxd8+ Qxd8 24. e5 Qd7 25. Be3 g5 26. fxg5 Nxe5 27. Ne4 Nc4 28. Nf6+ Bxf6 29. gxf6 Nxe3 30. Qxe3 Qd1+ 31. Kh2 Qd6+ 32. Kg1 Qd1+ 33. Bf1 Qd4 34. Kf2 Qxf6+ 35. Ke1 Qd4 36. Qg5+ Kf8 37. Bd3 Be4 38. Bxa6 Qg1+ 39. Kd2 Qd4+ 40. Ke1 Bg6 41. c3 Qe4+ 42. Kd2 Qg2+ 43. Be2 Qxh3 44. Qd8+ Kg7 45. Qxb6 Qg3 46. Qxc5 Qf4+ 47. Qe3 Qxa4 48. Qd4+ Qxd4+ 49. cxd4 Kf6 50. b4 Ke7 51. Ke3 Kd6 52. Kf4 h6 53. Ke3 f6 54. Bc4 Be8 55. Kf4 Bd7 56. Ke3 Be8 57. Kf4 Bd7 58. Ke3 Be8 1/2-1/2

[Event "Titled Tuesday intern op 13th Jun Early"]
[Site "Chess.com INT"]
[Date "2023.06.13"]
[Round "1"]
[White "Urquhart, Eddie"]
[Black "Maximov, Dmitry"]
[Result "0-1"]
[WhiteElo "2209"]
[BlackElo "2497"]
[PlyCount "78"]
[EventDate "2023.06.13"]
[EventType "swiss (blitz)"]
[EventRounds "11"]
[EventCountry "USA"]
[SourceTitle "EXT 2024"]
[Source "ChessBase"]
[SourceDate "2023.10.10"]
[SourceVersion "1"]
[SourceVersionDate "2023.10.10"]
[SourceQuality "1"]

1. e4 c5 2. Nc3 Nc6 3. f4 e6 4. Nf3 a6 5. g3 b5 6. Bg2 Bb7 7. d3 Nge7 8. 0-0 g6 9. e5 d5 10. exd6 Nf5 11. Ne4 Bg7 12. Kh1 Qb6 13. g4 Nfd4 14. Nxd4 Nxd4 15. Be3 f5 16. Ng5 Bxg2+ 17. Kxg2 Qxd6 18. c3 Nc6 19. Qf3 0-0 20. Rae1 Rae8 21. gxf5 exf5 22. Bf2 h6 23. Nh3 Rd8 24. Re3 b4 25. Rfe1 Rf6 26. Re8+ Rxe8 27. Rxe8+ Kf7 28. Rc8 bxc3 29. bxc3 Re6 30. Ng1 Bxc3 31. Ne2 Bf6 32. Ng3 a5 33. Nxf5 gxf5 34. Qh5+ Kg7 35. Qxf5 Ne7 36. Qg4+ Kh7 37. Re8 Bg7 38. f5 Qd5+ 39. Kg1 Nxf5 0-1

[Event "Titled Tuesday intern op 23rd May Early"]
[Site "Chess.com INT"]
[Date "2023.05.23"]
[Round "4"]
[White "Wafa, Hamed"]
[Black "Urquhart, Eddie"]
[Result "1-0"]
[WhiteElo "2065"]
[BlackElo "2209"]
[PlyCount "67"]
[EventDate "2023.05.23"]
[EventType "swiss (blitz)"]
[EventRounds "11"]
[EventCountry "USA"]
[SourceTitle "CBM 214 Extra"]
[Source "ChessBase"]
[SourceDate "2023.07.31"]
[SourceVersion "1"]
[SourceVersionDate "2023.07.31"]
[SourceQuality "1"]

1. e4 c5 2. Nf3 e6 3. d3 Nc6 4. Nbd2 Nge7 5. g3 d5 6. Bg2 g6 7. 0-0 Bg7 8. Re1 0-0 9. h4 b5 10. h5 b4 11. Nf1 a5 12. e5 a4 13. N1h2 Bb7 14. Bg5 Qd7 15. Ng4 Rfc8 16. Qd2 Qc7 17. Nf6+ Kh8 18. Bh6 Nf5 19. Bxg7+ Kxg7 20. g4 Nfd4 21. Nxd4 cxd4 22. Qg5 h6 23. Qf4 g5 24. Qg3 Nxe5 25. Rxe5 Kxf6 26. f4 Qxc2 27. Rf1 Ke7 28. fxg5 hxg5 29. Rxg5 Rg8 30. Qe5 Rxg5 31. Qxg5+ Kd7 32. Rxf7+ Kc6 33. Qe7 Rb8 34. Qc7+ 1-0

[Event "Titled Tuesday intern op 14th Mar Late"]
[Site "Chess.com INT"]
[Date "2023.03.14"]
[Round "1"]
[White "Drygalov, Andrey"]
[Black "Urquhart, Eddie"]
[Result "1-0"]
[WhiteElo "2484"]
[BlackElo "2209"]
[PlyCount "65"]
[EventDate "2023.03.14"]
[EventType "swiss (blitz)"]
[EventRounds "11"]
[EventCountry "USA"]
[SourceTitle "EXT 2024"]
[Source "ChessBase"]
[SourceDate "2023.10.10"]
[SourceVersion "1"]
[SourceVersionDate "2023.10.10"]
[SourceQuality "1"]

1. e4 c5 2. Nf3 e6 3. d4 cxd4 4. Nxd4 Nc6 5. Nc3 Qc7 6. Be2 a6 7. Nxc6 dxc6 8. Qd3 e5 9. Qg3 Nf6 10. 0-0 Be6 11. Kh1 Be7 12. f4 exf4 13. Bxf4 Qb6 14. Be5 Nd7 15. Qxg7 0-0-0 16. Bg3 Rhg8 17. Qh6 Rg6 18. Qf4 Bg5 19. Qf3 h5 20. Na4 Qd4 21. b3 h4 22. Rad1 Qh8 23. Bf2 h3 24. g3 Be7 25. Qe3 Rf6 26. Qa7 Qh7 27. Qe3 Qg6 28. Kg1 Rg8 29. Rd4 Nc5 30. Nb6+ Kb8 31. Rfd1 Qg5 32. Qxg5 Rxg5 33. Nc4 1-0

[Event "Titled Tuesday intern op 14th Mar Late"]
[Site "Chess.com INT"]
[Date "2023.03.14"]
[Round "2"]
[White "Urquhart, Eddie"]
[Black "Hartikainen, Jarmo"]
[Result "1-0"]
[WhiteElo "2209"]
[BlackElo "2108"]
[PlyCount "103"]
[EventDate "2023.03.14"]
[EventType "swiss (blitz)"]
[EventRounds "11"]
[EventCountry "USA"]
[SourceTitle "EXT 2024"]
[Source "ChessBase"]
[SourceDate "2023.10.10"]
[SourceVersion "1"]
[SourceVersionDate "2023.10.10"]
[SourceQuality "1"]

1. e4 c5 2. Nc3 Nc6 3. f4 e6 4. Nf3 d5 5. Bb5 Be7 6. Qe2 h5 7. exd5 exd5 8. Bxc6+ bxc6 9. Ne5 Qc7 10. d3 h4 11. 0-0 h3 12. g3 Nh6 13. b3 Nf5 14. Bb2 Be6 15. Nd1 d4 16. Re1 0-0-0 17. Nf2 Bd5 18. Ne4 Rh6 19. Qg4 Be6 20. Qf3 Bd5 21. Rac1 Ne3 22. Rxe3 dxe3 23. Qxe3 Bxe4 24. Qxe4 Re6 25. Qf5 Bf6 26. Qxh3 Kb7 27. Re1 Rde8 28. Qg2 Qd6 29. Qf2 Qd5 30. Re4 Bxe5 31. fxe5 f6 32. exf6 gxf6 33. Rxe6 Qxe6 34. Bc3 f5 35. Qxc5 Qe3+ 36. Qxe3 Rxe3 37. Kf2 Re7 38. Kf3 Rf7 39. h4 Kc8 40. Kf4 Kd7 41. h5 Ke6 42. h6 Rh7 43. Bg7 a6 44. c3 a5 45. d4 Rxg7 46. hxg7 Kf7 47. Kxf5 Kxg7 48. Ke6 Kg6 49. Kd6 Kg5 50. Kxc6 Kg4 51. d5 Kxg3 52. d6 1-0

[Event "Titled Tuesday intern op 10th Jan Late"]
[Site "Chess.com INT"]
[Date "2023.01.10"]
[Round "2"]
[White "Urquhart, Eddie"]
[Black "Simonovic, Miroslav"]
[Result "1-0"]
[WhiteElo "2209"]
[BlackElo "2115"]
[PlyCount "149"]
[EventDate "2023.01.10"]
[EventType "swiss (blitz)"]
[EventRounds "11"]
[EventCountry "USA"]
[SourceTitle "EXT 2024"]
[Source "ChessBase"]
[SourceDate "2023.10.10"]
[SourceVersion "1"]
[SourceVersionDate "2023.10.10"]
[SourceQuality "1"]

1. e4 c5 2. Nc3 Nc6 3. f4 g6 4. Nf3 Bg7 5. a3 e5 6. Bc4 Nge7 7. d3 0-0 8. 0-0 d6 9. Qe1 Nd4 10. fxe5 Nxc2 11. Qh4 Nxa1 12. Bg5 Be6 13. Bxe7 Qd7 14. Bxe6 fxe6 15. Bxf8 Rxf8 16. Rxa1 dxe5 17. Rd1 b6 18. Qg3 Kh8 19. h4 a6 20. Kh1 Qc7 21. Ng5 Rf6 22. Qg4 Qe7 23. Nf3 Rf4 24. Qg3 Bf6 25. Ne2 Bxh4 26. Qh3 Rxf3 27. Qxf3 Kg7 28. Ng1 Bg5 29. Nh3 Bh6 30. Rf1 b5 31. Qe2 Qc7 32. Qc2 Be3 33. Rf3 Bd4 34. b4 c4 35. dxc4 bxc4 36. Ng5 Qc6 37. Rf7+ Kg8 38. Rxh7 c3 39. Rh3 Qc4 40. Kh2 Qf1 41. Rf3 Qg1+ 42. Kg3 Qe1+ 43. Kg4 Qh1 44. Nh3 Qe1 45. Qd3 Qd2 46. Qxd2 cxd2 47. Rd3 Be3 48. Kf3 Bh6 49. Ke2 Kf7 50. Rxd2 Bxd2 51. Kxd2 Kf6 52. Ke3 g5 53. Kf3 Kg6 54. Kg4 Kf6 55. a4 Ke7 56. b5 Kd6 57. bxa6 Kc6 58. Kxg5 Kb6 59. Kf6 Kxa6 60. Kxe5 Ka5 61. Kxe6 Kxa4 62. e5 Kb5 63. g4 Kc5 64. g5 Kd4 65. g6 Ke4 66. g7 Kf3 67. g8Q Ke4 68. Qg6+ Kd4 69. Qg4+ Ke3 70. Ng5 Kd3 71. Kf6 Ke3 72. e6 Kd3 73. e7 Ke3 74. e8Q+ Kf2 75. Qee2# 1-0

[Event "Titled Tuesday intern op 03rd Jan Late"]
[Site "Chess.com INT"]
[Date "2023.01.03"]
[Round "1"]
[White "Urquhart, Eddie"]
[Black "Godzwon, Iwo"]
[Result "0-1"]
[WhiteElo "2209"]
[BlackElo "2391"]
[PlyCount "132"]
[EventDate "2023.01.03"]
[EventType "swiss (blitz)"]
[EventRounds "11"]
[EventCountry "USA"]
[SourceTitle "EXT 2024"]
[Source "ChessBase"]
[SourceDate "2023.10.10"]
[SourceVersion "1"]
[SourceVersionDate "2023.10.10"]
[SourceQuality "1"]

1. e4 c5 2. Nc3 Nc6 3. f4 e6 4. Nf3 d5 5. Bb5 dxe4 6. Bxc6+ bxc6 7. Nxe4 Be7 8. d3 Nf6 9. 0-0 0-0 10. Qe1 a5 11. a4 c4 12. dxc4 c5 13. Nc3 Bb7 14. Nb5 Qb6 15. b3 Rad8 16. Bd2 Ra8 17. Bc3 Rfe8 18. Ne5 Ne4 19. Bb2 Rad8 20. Rd1 f6 21. Nf3 Qc6 22. Qxa5 Bd6 23. Nxd6 Rxd6 24. Rxd6 Nxd6 25. Qe1 Nf5 26. Qe2 Kf7 27. Rd1 Re7 28. Qd2 Qc7 29. Bc3 Bxf3 30. gxf3 Qc6 31. Qd3 Nh4 32. Kf2 h6 33. a5 Ng6 34. Qe4 Qc7 35. Bd2 Rd7 36. a6 Qa7 37. Qc6 Rc7 38. Qb5 Rd7 39. Ke1 Rd6 40. Bc3 Qxa6 41. Qxa6 Rxa6 42. Rd7+ Kg8 43. Bd2 Rc6 44. Ke2 Nh4 45. Kf2 Nf5 46. Be3 h5 47. h3 h4 48. Ke2 Kh7 49. Kd3 Kg6 50. Ke4 Ng3+ 51. Kd3 Nf5 52. Ke4 Nd6+ 53. Kd3 Nf7 54. Bf2 e5 55. Bxh4 exf4 56. Ke2 Ne5 57. Rd8 Kf5 58. Bf2 g5 59. Rf8 Ng6 60. Rg8 Ne7 61. Re8 Ng6 62. Ra8 Ne5 63. Ra5 Re6 64. Rxc5 Kg6 65. Kf1 Nxf3 66. b4 Nd2+ 0-1

[Event "Titled Tuesday intern op 22nd Nov Early"]
[Site "Chess.com INT"]
[Date "2022.11.22"]
[Round "2"]
[White "Kowalczyk, Pawel"]
[Black "Urquhart, Eddie"]
[Result "0-1"]
[WhiteElo "2332"]
[BlackElo "2209"]
[PlyCount "102"]
[EventDate "2022.11.22"]
[EventType "swiss (blitz)"]
[EventRounds "11"]
[EventCountry "USA"]
[SourceTitle "CBM 211 Extra"]
[Source "ChessBase"]
[SourceDate "2023.01.31"]
[SourceVersion "1"]
[SourceVersionDate "2023.01.31"]
[SourceQuality "1"]

1. e4 c5 2. Nf3 e6 3. g3 Nc6 4. Bg2 d6 5. 0-0 Nf6 6. Re1 e5 7. c3 Be7 8. d4 0-0 9. Bg5 Rb8 10. a4 a6 11. Na3 Re8 12. dxe5 dxe5 13. Bxf6 Bxf6 14. Nc4 Be6 15. Ne3 b5 16. axb5 axb5 17. Ra6 Qc8 18. Qa1 b4 19. Nd5 Bxd5 20. exd5 Nd8 21. Nd2 bxc3 22. bxc3 Nb7 23. Ne4 Be7 24. d6 Bf8 25. Rd1 Rd8 26. Qa2 h6 27. h4 c4 28. Kh2 Nc5 29. Rc6 Qxc6 30. Nf6+ gxf6 31. Bxc6 Nd3 32. d7 Rb2 33. Qxc4 Nxf2 34. Rf1 Ng4+ 35. Kh1 Ne3 36. Qd3 Nxf1 37. Qxf1 Be7 38. Qf5 Rdb8 39. Be4 Bd8 40. Qh7+ Kf8 41. Qh8+ Ke7 42. Qe8+ Kd6 43. Qxf7 Re2 44. Qd5+ Ke7 45. Bf5 Rbb2 46. Qe6+ Kf8 47. Qe8+ Kg7 48. Qg6+ Kf8 49. Qxh6+ Ke7 50. Qg7+ Kd6 51. Qf8+ Kc6 0-1

[Event "Titled Tuesday intern op 22nd Nov Early"]
[Site "Chess.com INT"]
[Date "2022.11.22"]
[Round "4"]
[White "Urquhart, Eddie"]
[Black "Osmak, Iulija"]
[Result "0-1"]
[WhiteElo "2209"]
[BlackElo "2442"]
[PlyCount "96"]
[EventDate "2022.11.22"]
[EventType "swiss (blitz)"]
[EventRounds "11"]
[EventCountry "USA"]
[SourceTitle "CBM 211 Extra"]
[Source "ChessBase"]
[SourceDate "2023.01.31"]
[SourceVersion "1"]
[SourceVersionDate "2023.01.31"]
[SourceQuality "1"]

1. e4 c5 2. Nc3 d6 3. f4 g6 4. Nf3 Bg7 5. Bc4 Nc6 6. d3 e6 7. 0-0 Nge7 8. Qe1 Nd4 9. Nxd4 cxd4 10. Nd1 d5 11. Bb3 0-0 12. Nf2 dxe4 13. dxe4 b5 14. Nd3 Bb7 15. Bd2 a5 16. a4 b4 17. Qe2 Rc8 18. Rae1 Qb6 19. Kh1 Ba6 20. Qf3 Bc4 21. Rc1 Rc7 22. Bxc4 Rxc4 23. b3 Rc7 24. Nb2 Rfc8 25. Nc4 Qa6 26. h3 Rd8 27. Qg3 f5 28. e5 Nd5 29. h4 Nb6 30. Nd6 Bf8 31. Nb5 Rcd7 32. Rf3 Qb7 33. Rd3 Bc5 34. Be1 Qe4 35. Bf2 Nd5 36. Re1 Qxf4 37. Bxd4 Qxg3 38. Rxg3 Bxd4 39. Nxd4 Nf4 40. Nb5 Rd2 41. Rf1 Ne2 42. Re3 Nd4 43. Nd6 Nxc2 44. Rg3 Nd4 45. h5 Kg7 46. hxg6 hxg6 47. Rf4 Rh8+ 48. Kg1 Ne2+ 0-1

[Event "Titled Tuesday intern op 12th Jul Early"]
[Site "Chess.com INT"]
[Date "2022.07.12"]
[Round "1"]
[White "Kovalev, Vladislav"]
[Black "Urquhart, Eddie"]
[Result "1-0"]
[WhiteElo "2623"]
[BlackElo "2209"]
[PlyCount "39"]
[EventDate "2022.07.12"]
[EventType "swiss (blitz)"]
[EventRounds "11"]
[EventCountry "USA"]
[SourceTitle "EXT 2023"]
[Source "ChessBase"]
[SourceDate "2022.10.05"]
[SourceVersion "1"]
[SourceVersionDate "2022.10.05"]
[SourceQuality "1"]

1. e4 c5 2. Be2 e6 3. d3 Nc6 4. f4 Nf6 5. Nf3 d5 6. e5 Nd7 7. c3 Be7 8. Be3 Rb8 9. d4 b5 10. a3 a5 11. 0-0 b4 12. axb4 axb4 13. c4 dxc4 14. d5 exd5 15. Qxd5 Bb7 16. e6 fxe6 17. Qxe6 Nb6 18. Bxc5 Qd7 19. Qxd7+ Kxd7 20. Bxb6 1-0

[Event "Titled Tuesday intern op 05th Jul Early"]
[Site "Chess.com INT"]
[Date "2022.07.05"]
[Round "1"]
[White "Urquhart, Eddie"]
[Black "Moussard, Jules"]
[Result "0-1"]
[WhiteElo "2209"]
[BlackElo "2672"]
[PlyCount "26"]
[EventDate "2022.07.05"]
[EventType "swiss (blitz)"]
[EventRounds "11"]
[EventCountry "USA"]
[SourceTitle "CBM 209 Extra"]
[Source "ChessBase"]
[SourceDate "2022.09.30"]
[SourceVersion "1"]
[SourceVersionDate "2022.09.30"]
[SourceQuality "1"]

1. e4 Nf6 2. Nc3 e5 3. Nf3 Nc6 4. Bc4 Bc5 5. d3 0-0 6. 0-0 h6 7. h3 d6 8. Nd5 Be6 9. a3 a6 10. c3 Ba7 11. b4 Bxd5 12. exd5 Ne7 13. Qb3 b5 0-1

[Event "Titled Tuesday intern op 21st Jun Early"]
[Site "Chess.com INT"]
[Date "2022.06.21"]
[Round "3"]
[White "Urquhart, Eddie"]
[Black "Lagno, Kateryna"]
[Result "1-0"]
[WhiteElo "2209"]
[BlackElo "2547"]
[PlyCount "103"]
[EventDate "2022.06.21"]
[EventType "swiss (blitz)"]
[EventRounds "11"]
[EventCountry "USA"]
[SourceTitle "EXT 2023"]
[Source "ChessBase"]
[SourceDate "2022.10.05"]
[SourceVersion "1"]
[SourceVersionDate "2022.10.05"]
[SourceQuality "1"]

1. e4 e5 2. Nf3 Nc6 3. d4 exd4 4. Bc4 Nf6 5. e5 Ne4 6. 0-0 d5 7. Bb5 Bd7 8. Bxc6 bxc6 9. Nxd4 c5 10. Nb3 c6 11. f3 Ng5 12. f4 Ne4 13. Nc3 Bf5 14. Nxe4 Bxe4 15. f5 c4 16. Nd4 c5 17. Nb5 Qb6 18. Nc3 0-0-0 19. Nxe4 dxe4 20. Qe2 Qc6 21. Qxc4 Be7 22. Qxf7 Qb7 23. f6 gxf6 24. exf6 Bd6 25. Qxb7+ Kxb7 26. Bh6 Rhg8 27. f7 Rg6 28. f8Q Bxf8 29. Bxf8 Rd2 30. Rf2 Rxf2 31. Kxf2 Rf6+ 32. Ke3 Rxf8 33. Rd1 Kc6 34. Rd2 Re8 35. c4 a5 36. Rf2 Re6 37. g4 a4 38. h4 Rd6 39. Rd2 Re6 40. g5 Re5 41. Rf2 Re7 42. Rf4 Rb7 43. Rf2 Re7 44. h5 Kd6 45. Rf5 Rb7 46. g6 hxg6 47. hxg6 Ke6 48. Rg5 Rg7 49. Kxe4 Kf6 50. Rg2 Re7+ 51. Kd5 Kg7 52. Kxc5 1-0

[Event "Titled Tuesday intern op 31st May Early"]
[Site "Chess.com INT"]
[Date "2022.05.31"]
[Round "2"]
[White "Urquhart, Eddie"]
[Black "Csonka, Balazs"]
[Result "0-1"]
[WhiteElo "2209"]
[BlackElo "2498"]
[PlyCount "76"]
[EventDate "2022.05.31"]
[EventType "swiss (blitz)"]
[EventRounds "11"]
[EventCountry "USA"]
[SourceTitle "CBM 208 Extra"]
[Source "ChessBase"]
[SourceDate "2022.07.31"]
[SourceVersion "1"]
[SourceVersionDate "2022.07.31"]
[SourceQuality "1"]

1. e4 e5 2. Nf3 Nc6 3. d4 exd4 4. Bc4 Nf6 5. e5 d5 6. Bb5 Nd7 7. 0-0 Be7 8. Re1 0-0 9. Bxc6 bxc6 10. Nxd4 Nb8 11. f4 c5 12. Nf3 Nc6 13. Be3 Bf5 14. Nbd2 d4 15. Bf2 Qd5 16. Nh4 Bxh4 17. Bxh4 Nb4 18. Rc1 Nxa2 19. Ra1 Nb4 20. Rc1 Rab8 21. Nf3 Rfe8 22. Qd2 Qa2 23. Ra1 Qxb2 24. Rxa7 Qxc2 25. Rxc7 Qxd2 26. Nxd2 Rec8 27. Ra7 c4 28. e6 fxe6 29. Bf2 Nc2 30. Rc1 c3 31. Nf3 d3 32. Nd4 d2 33. Rca1 Nxd4 34. Bxd4 c2 35. Rxg7+ Kf8 36. Raa7 d1Q+ 37. Kf2 Qxd4+ 38. Kg3 Qxg7+ 0-1

[Event "Titled Tuesday intern op 15 Mar Early"]
[Site "Chess.com INT"]
[Date "2022.03.15"]
[Round "1"]
[White "Urquhart, Eddie"]
[Black "Pakleza, Zbigniew"]
[Result "0-1"]
[WhiteElo "2209"]
[BlackElo "2500"]
[PlyCount "94"]
[EventDate "2022.03.15"]
[EventType "swiss (blitz)"]
[EventRounds "11"]
[EventCountry "USA"]
[SourceTitle "CBM 207 Extra"]
[Source "ChessBase"]
[SourceDate "2022.05.31"]
[SourceVersion "1"]
[SourceVersionDate "2022.05.31"]
[SourceQuality "1"]

1. e4 d6 2. Nc3 Nf6 3. f4 d5 4. e5 d4 5. exf6 dxc3 6. fxg7 cxd2+ 7. Qxd2 Bxg7 8. Qxd8+ Kxd8 9. Nf3 Bf5 10. c3 e6 11. Be3 Nd7 12. 0-0-0 Ke7 13. Bd4 Bxd4 14. Nxd4 Be4 15. Rg1 Rhg8 16. g3 Nf6 17. Bg2 Rad8 18. Rde1 Bxg2 19. Rxg2 c5 20. Nf3 Rd5 21. Rge2 b5 22. Re5 a6 23. Rxd5 Nxd5 24. Ne5 f6 25. Nd3 Kd6 26. Nf2 f5 27. Nd3 h5 28. Ne5 h4 29. Nf7+ Kd7 30. Ng5 Rg6 31. Kd2 hxg3 32. hxg3 Rh6 33. Re2 a5 34. Ke1 c4 35. Kf2 b4 36. cxb4 axb4 37. Kg2 Rg6 38. Kf3 Kd6 39. Nf7+ Kc5 40. Ne5 Rg7 41. Rc2 c3 42. bxc3 bxc3 43. g4 fxg4+ 44. Nxg4 Rf7 45. Ne5 Rxf4+ 46. Ke2 Re4+ 47. Kd3 Rxe5 0-1

[Event "Titled Tuesday intern op 18th Jan"]
[Site "Chess.com INT"]
[Date "2022.01.18"]
[Round "2"]
[White "Urquhart, Eddie"]
[Black "Hartikainen, Jarmo"]
[Result "0-1"]
[WhiteElo "2209"]
[BlackElo "2133"]
[PlyCount "58"]
[EventDate "2022.01.18"]
[EventType "swiss (blitz)"]
[EventRounds "11"]
[EventCountry "USA"]
[SourceTitle "CBM 206 Extra"]
[Source "ChessBase"]
[SourceDate "2022.03.31"]
[SourceVersion "1"]
[SourceVersionDate "2022.03.31"]
[SourceQuality "1"]

1. e4 c5 2. Nc3 Nc6 3. f4 e6 4. Nf3 d5 5. Bb5 Be7 6. Qe2 h5 7. d3 h4 8. h3 Nh6 9. Bd2 a6 10. Bxc6+ bxc6 11. 0-0 Rb8 12. b3 0-0 13. Ne5 Qc7 14. Nd1 Bd6 15. Ng4 Nxg4 16. Qxg4 f5 17. exf5 Rxf5 18. Qxh4 Bd7 19. g3 Rbf8 20. Ne3 R5f7 21. Ng4 e5 22. fxe5 Bxe5 23. Rxf7 Rxf7 24. Rf1 Bxg3 25. Qg5 Rxf1+ 26. Kxf1 Bxg4 27. Qxg4 Qf7+ 28. Ke2 Qf2+ 29. Kd1 Qf1+ 0-1

[Event "Titled Tuesday intern op 11th Jan"]
[Site "Chess.com INT"]
[Date "2022.01.11"]
[Round "4"]
[White "Urquhart, Eddie"]
[Black "Mustafayev, Farid Farman Oglu"]
[Result "1-0"]
[WhiteElo "2209"]
[BlackElo "2322"]
[PlyCount "121"]
[EventDate "2022.01.11"]
[EventType "swiss (blitz)"]
[EventRounds "11"]
[EventCountry "USA"]
[SourceTitle "CBM 206 Extra"]
[Source "ChessBase"]
[SourceDate "2022.03.31"]
[SourceVersion "1"]
[SourceVersionDate "2022.03.31"]
[SourceQuality "1"]

1. e4 c6 2. Bc4 d5 3. Bb3 h5 4. exd5 cxd5 5. d4 Nf6 6. Nf3 Nc6 7. c3 Bf5 8. Bf4 e6 9. Nbd2 Bd6 10. Bxd6 Qxd6 11. Qe2 a6 12. Ne5 Rc8 13. 0-0 Nd7 14. f4 h4 15. h3 Nf6 16. Rae1 Nh5 17. Qf3 Ng3 18. Rf2 Ne7 19. Nf1 Be4 20. Qg4 Nef5 21. Nxg3 hxg3 22. Rd2 Qe7 23. Qe2 Qh4 24. Rf1 Qe7 25. c4 Nh4 26. Qe3 Bxg2 27. Rxg2 Nxg2 28. Kxg2 dxc4 29. Bd1 b5 30. Qxg3 g6 31. Bf3 Qd6 32. Rd1 b4 33. Qg5 c3 34. bxc3 bxc3 35. Qf6 Rf8 36. d5 c2 37. Rc1 Qe7 38. Qxe7+ Kxe7 39. dxe6 Kd6 40. Nxf7+ Kxe6 41. Ng5+ Kf5 42. Kg3 Rc3 43. Rxc2 Rfc8 44. Rd2 Ra3 45. Rd5+ Kf6 46. Rd6+ Kg7 47. Re6 Rxa2 48. Be4 Ra3+ 49. Kg4 a5 50. Rxg6+ Kf8 51. Ra6 a4 52. h4 Ra1 53. h5 a3 54. h6 a2 55. h7 Kg7 56. Ra7+ Kh6 57. Nf7+ Kg7 58. h8Q+ Rxh8 59. Nxh8+ Kxh8 60. Kf5 Kg8 61. Bd5+ 1-0

[Event "Titled Tuesday intern op 12th Oct"]
[Site "Chess.com INT"]
[Date "2021.10.12"]
[Round "3"]
[White "Aldokhin, Ivan"]
[Black "Urquhart, Eddie"]
[Result "1-0"]
[WhiteElo "2413"]
[BlackElo "2209"]
[PlyCount "73"]
[EventDate "2021.10.12"]
[EventType "swiss (blitz)"]
[EventRounds "11"]
[EventCountry "USA"]
[SourceTitle "EXT 2023"]
[Source "ChessBase"]
[SourceDate "2022.10.05"]
[SourceVersion "1"]
[SourceVersionDate "2022.10.05"]
[SourceQuality "1"]

1. d4 Nf6 2. c4 e6 3. Nc3 Bb4 4. f3 c5 5. a3 Ba5 6. d5 exd5 7. cxd5 b5 8. e4 a6 9. Bd3 d6 10. Nge2 0-0 11. 0-0 Nbd7 12. Ng3 Ne5 13. Be2 Re8 14. f4 Bxc3 15. bxc3 Nc4 16. Bxc4 bxc4 17. Qc2 Rb8 18. f5 Ng4 19. Bf4 Qh4 20. h3 Ne5 21. Bxe5 Rxe5 22. Rf3 Bd7 23. Qe2 Rb3 24. Qxc4 Rb2 25. Qxa6 Qe7 26. a4 h6 27. a5 Rxe4 28. Nxe4 Qxe4 29. Qxd6 Bxf5 30. a6 Qe2 31. Qg3 Be4 32. a7 Bxd5 33. a8Q+ Bxa8 34. Rxa8+ Kh7 35. Rxf7 Rb1+ 36. Kh2 Qf1 37. Qxg7# 1-0